[Event "Hastings Challengers 1989/90"]
[Site "Hastings"]
[Date "1990.01.03"]
[Round "7"]
[White "Wojtkiewicz, Aleksander"]
[Black "Webster, Andrew A"]
[Result "1-0"]
[WhiteElo "2475"]
[BlackElo "2235"]
[PlyCount "99"]
[EventDate "1989.12.28"]
[EventType "swiss"]
[EventRounds "10"]
[EventCountry "ENG"]
[SourceTitle "BritBase"]
[Source "John Saunders"]
[SourceDate "2024.12.03"]
[SourceVersion "1"]
[SourceVersionDate "2024.12.03"]
[SourceQuality "1"]

1. Nf3 g6 2. c4 Bg7 3. d4 Nf6 4. g3 O-O 5. Bg2 d6 6. Nc3 Nbd7 7. O-O e5 8. h3 c6 9. e4 Qb6 10. Re1 exd4 11. Nxd4 Ng4 12. Nce2 Nge5 13. b3 Nc5 14. Be3 a5 15. Rb1 Re8 16. a3 Qc7 17. Qc2 Ne6 18. f4 Nd7 19. Bf2 Nxd4 20. Bxd4 Bxd4+ 21. Nxd4 Qb6 22. Qc3 Nf8 23. Kh2 Qc5 24. Ra1 Be6 25. Qd2 Qh5 26. Rac1 Qc5 27. b4 axb4 28. axb4 Qh5 29. c5 Ra2 30. Rc2 Rxc2 31. Qxc2 dxc5 32. bxc5 Rd8 33. Qc3 Bc8 34. e5 Ne6 35. Nb3 Nc7 36. Qa5 Ne6 37. Nd2 Qh6 38. Ne4 Qf8 39. Nd6 f6 40. exf6 Qxf6 41. Qa2 Bd7 42. Nxb7 Rb8 43. Qa7 Re8 44. Nd6 Re7 45. Re5 h6 46. Qb8+ Nf8 47. Ne4 Qf7 48. Qd6 Re6 49. Rxe6 Nxe6 50. Qxd7 1-0

[Event "Hastings Challengers 1989/90"]
[Site "Hastings"]
[Date "1990.01.04"]
[Round "8"]
[White "Emms, John M"]
[Black "Wells, Peter K"]
[Result "1-0"]
[WhiteElo "2300"]
[BlackElo "2400"]
[PlyCount "101"]
[EventDate "1989.12.28"]
[EventType "swiss"]
[EventRounds "10"]
[EventCountry "ENG"]
[SourceTitle "BritBase"]
[Source "John Saunders"]
[SourceDate "2024.12.03"]
[SourceVersion "1"]
[SourceVersionDate "2024.12.03"]
[SourceQuality "1"]

1. Nf3 Nf6 2. d4 g6 3. Bf4 Bg7 4. c3 d6 5. h3 O-O 6. e3 b6 7. Be2 Bb7 8. O-O Nbd7 9. Bh2 Ne4 10. a4 a5 11. Nbd2 e5 12. Nxe4 Bxe4 13. Nd2 Bb7 14. Bf3 d5 15. Qb3 c6 16. Rac1 Rc8 17. Rfd1 exd4 18. cxd4 Re8 19. Nb1 Nf8 20. Qc3 c5 21. Qb3 cxd4 22. Rxc8 Qxc8 23. exd4 Bxd4 24. Nc3 Bxc3 25. bxc3 Qe6 26. Bc7 Nd7 27. Bxd5 Bxd5 28. Qxd5 Nc5 29. Qd4 Qc6 30. Bd6 Nd7 31. Bf4 Nf8 32. Bh6 Ne6 33. Qf6 Qc7 34. Rb1 Rc8 35. Re1 Re8 36. c4 Qe7 37. Qb2 Qc7 38. Qf6 Qe7 39. Qb2 Qc7 40. Qc3 f5 41. Bc1 Ng7 42. Rxe8+ Nxe8 43. Bb2 Qg7 44. Qd2 Qc7 45. Qd4 Ng7 46. Qd5+ Qf7 47. Qd8+ Ne8 48. Qxb6 Qxc4 49. Qxa5 f4 50. Qe5 Qf7 51. Qh8# 1-0

[Event "Hastings Challengers 1989/90"]
[Site "Hastings"]
[Date "1990.01.04"]
[Round "8"]
[White "Farago, Ivan"]
[Black "Hansen, Mads Smith"]
[Result "1-0"]
[WhiteElo "2495"]
[BlackElo "2280"]
[PlyCount "99"]
[EventDate "1989.12.28"]
[EventType "swiss"]
[EventRounds "10"]
[EventCountry "ENG"]
[SourceTitle "BritBase"]
[Source "John Saunders"]
[SourceDate "2024.12.03"]
[SourceVersion "1"]
[SourceVersionDate "2024.12.03"]
[SourceQuality "1"]

1. d4 Nf6 2. c4 d6 3. Nf3 Nbd7 4. Nc3 c6 5. e4 e5 6. Be3 Be7 7. Be2 O-O 8. O-O Qc7 9. d5 Ng4 10. Bd2 a5 11. a3 Nc5 12. h3 Nf6 13. Qc2 a4 14. Rab1 Bd7 15. Be3 cxd5 16. exd5 Qc8 17. Rbe1 Bf5 18. Qd1 Nfd7 19. Nh2 Bg6 20. f4 exf4 21. Bxf4 Ne5 22. Ng4 Nxg4 23. Bxg4 Qd8 24. Re3 Bf6 25. Nb5 Qb6 26. Kh1 Rad8 27. Qe2 Nb3 28. Qf2 Na5 29. Be2 Qc5 30. Rf3 Qxf2 31. R1xf2 Be5 32. Bxe5 dxe5 33. Re3 e4 34. g4 h5 35. gxh5 Bh7 36. Nd4 Rfe8 37. Kh2 b6 38. Kg3 Rc8 39. Rc3 Nb7 40. Bg4 Rc7 41. Nc6 Nc5 42. Be2 e3 43. Rf4 Ne4+ 44. Rxe4 Rxe4 45. Kf3 Bf5 46. Rxe3 Rxe3+ 47. Kxe3 Bd7 48. Ne5 Be8 49. d6 Ra7 50. Bg4 1-0

[Event "Hastings Challengers 1989/90"]
[Site "Hastings"]
[Date "1990.01.04"]
[Round "8"]
[White "Hebden, Mark L"]
[Black "McNab, Colin Anderson"]
[Result "1/2-1/2"]
[WhiteElo "2520"]
[BlackElo "2435"]
[PlyCount "87"]
[EventDate "1989.12.28"]
[EventType "swiss"]
[EventRounds "10"]
[EventCountry "ENG"]
[SourceTitle "BritBase"]
[Source "John Saunders"]
[SourceDate "2024.12.03"]
[SourceVersion "1"]
[SourceVersionDate "2024.12.03"]
[SourceQuality "1"]

1. e4 g6 2. d4 d6 3. Nf3 Nf6 4. Nc3 Bg7 5. h3 O-O 6. Be3 c6 7. Qd2 b5 8. Bd3 Nbd7 9. e5 b4 10. Ne2 Nd5 11. Bh6 dxe5 12. Bxg7 Kxg7 13. dxe5 Qc7 14. Qg5 f6 15. exf6+ exf6 16. Qh4 Ne5 17. Be4 Ba6 18. Ned4 Nxf3+ 19. gxf3 Rae8 20. O-O-O Nf4 21. Bxc6 Re7 22. Rhe1 Rxe1 23. Rxe1 Bc8 24. Re4 g5 25. Qg3 Rd8 26. Bb5 Kh8 27. h4 Qc5 28. hxg5 fxg5 29. Nc6 Rf8 30. Re5 Qxb5 31. Rxb5 Ne2+ 32. Kd2 Nxg3 33. fxg3 Bd7 34. Rb8 Rxb8 35. Nxb8 Bb5 36. g4 Kg7 37. a3 bxa3 38. bxa3 Kf6 39. Ke3 Ke6 40. Kd4 Be2 41. Ke3 Bb5 42. c4 Bxc4 43. Nc6 a6 44. Nd4+ 1/2-1/2

[Event "Hastings Challengers 1989/90"]
[Site "Hastings"]
[Date "1990.01.04"]
[Round "8"]
[White "Janjgava, Lasha"]
[Black "Conquest, Stuart C"]
[Result "1/2-1/2"]
[WhiteElo "2470"]
[BlackElo "2515"]
[PlyCount "68"]
[EventDate "1989.12.28"]
[EventType "swiss"]
[EventRounds "10"]
[EventCountry "ENG"]
[SourceTitle "BritBase"]
[Source "John Saunders"]
[SourceDate "2024.12.03"]
[SourceVersion "1"]
[SourceVersionDate "2024.12.03"]
[SourceQuality "1"]

1. d4 d6 2. Nf3 Bg4 3. e4 Nf6 4. Nc3 e6 5. Be2 Be7 6. O-O Bxf3 7. Bxf3 c6 8. Ne2 d5 9. Ng3 dxe4 10. Nxe4 Nbd7 11. c3 O-O 12. Nxf6+ Bxf6 13. Qc2 Qc7 14. Be3 Nb6 15. Rad1 Rad8 16. g3 Nd5 17. Bc1 Rd7 18. Be4 g6 19. Bh6 Rfd8 20. Rfe1 b5 21. a3 a5 22. h4 b4 23. axb4 axb4 24. h5 bxc3 25. bxc3 Qa5 26. hxg6 hxg6 27. Bxg6 Qxc3 28. Qe4 fxg6 29. Qxg6+ Bg7 30. Qxe6+ Rf7 31. Bxg7 Nc7 32. Qe4 Rxg7 33. Rc1 Qxd4 34. Qxd4 Rxd4 1/2-1/2

[Event "Hastings Challengers 1989/90"]
[Site "Hastings"]
[Date "1990.01.04"]
[Round "8"]
[White "Kosten, Anthony C"]
[Black "Smagin, Sergey"]
[Result "1/2-1/2"]
[WhiteElo "2500"]
[BlackElo "2535"]
[PlyCount "91"]
[EventDate "1989.12.28"]
[EventType "swiss"]
[EventRounds "10"]
[EventCountry "ENG"]
[SourceTitle "BritBase"]
[Source "John Saunders"]
[SourceDate "2024.12.03"]
[SourceVersion "1"]
[SourceVersionDate "2024.12.03"]
[SourceQuality "1"]

1. e4 e5 2. Nf3 Nc6 3. Bc4 Be7 4. O-O Nf6 5. d3 O-O 6. Bb3 d6 7. c3 Na5 8. Bc2 c5 9. Nbd2 b5 10. Re1 Re8 11. Nf1 Nc6 12. Ng3 Bf8 13. h3 Rb8 14. d4 cxd4 15. cxd4 a5 16. Be3 Nb4 17. Bb1 a4 18. dxe5 dxe5 19. Qxd8 Rxd8 20. Nxe5 Bd6 21. Bd4 Nd7 22. Nxd7 Bxd7 23. e5 Bf8 24. a3 Be6 25. Ne2 Na6 26. Bc2 Rbc8 27. Bc3 Nc5 28. Nd4 Bc4 29. Rad1 g6 30. f4 Ne6 31. Nxe6 fxe6 32. Rxd8 Rxd8 33. Rd1 Bc5+ 34. Kh2 Rf8 35. Bd4 Be7 36. Be3 Bd5 37. Rc1 Rb8 38. Rf1 b4 39. Bxa4 bxa3 40. bxa3 Ra8 41. Bd1 Rxa3 42. Bg1 Bh4 43. Be2 Bg3+ 44. Kh1 Bh4 45. Kh2 Bg3+ 46. Kh1 1/2-1/2

[Event "Hastings Challengers 1989/90"]
[Site "Hastings"]
[Date "1990.01.04"]
[Round "8"]
[White "Sher, Miron Naumovich"]
[Black "Gallagher, Joseph G"]
[Result "1-0"]
[WhiteElo "2470"]
[BlackElo "2445"]
[PlyCount "95"]
[EventDate "1989.12.28"]
[EventType "swiss"]
[EventRounds "10"]
[EventCountry "ENG"]
[SourceTitle "BritBase"]
[Source "John Saunders"]
[SourceDate "2024.12.03"]
[SourceVersion "1"]
[SourceVersionDate "2024.12.03"]
[SourceQuality "1"]

1. c4 g6 2. d4 Nf6 3. Nc3 Bg7 4. e4 d6 5. Be2 O-O 6. Nf3 e5 7. O-O Nc6 8. d5 Ne7 9. Nd2 c6 10. Rb1 b5 11. dxc6 b4 12. Nd5 Nxc6 13. Nxf6+ Bxf6 14. Nf3 Bg4 15. Ne1 Be6 16. Nc2 Rc8 17. b3 Bg7 18. Bf3 a5 19. Be3 Qc7 20. Qd2 Rfd8 21. Rfd1 Rb8 22. Bg5 f6 23. Be3 Qf7 24. h3 Kh8 25. Qe2 Bf8 26. Bg4 f5 27. exf5 gxf5 28. Bf3 Qc7 29. Bg5 Re8 30. Bh5 Rec8 31. Rd3 Be7 32. Bxe7 Qxe7 33. Rbd1 Rd8 34. Kh2 f4 35. Bf3 Rbc8 36. Be4 Qf8 37. c5 dxc5 38. Bxc6 Rxd3 39. Rxd3 Rxc6 40. Qxe5+ Kg8 41. Qg5+ Kf7 42. Rd8 Qg7 43. Qxf4+ Ke7 44. Ra8 Bd7 45. Ne3 Ke6 46. Ra7 Qg6 47. Nc4 Qd3 48. Qg4+ 1-0

[Event "Hastings Challengers 1989/90"]
[Site "Hastings"]
[Date "1990.01.04"]
[Round "8"]
[White "Wolff, Patrick G"]
[Black "Kaidanov, Gregory S"]
[Result "1/2-1/2"]
[WhiteElo "2505"]
[BlackElo "2500"]
[PlyCount "47"]
[EventDate "1989.12.28"]
[EventType "swiss"]
[EventRounds "10"]
[EventCountry "ENG"]
[SourceTitle "BritBase"]
[Source "John Saunders"]
[SourceDate "2024.12.03"]
[SourceVersion "1"]
[SourceVersionDate "2024.12.03"]
[SourceQuality "1"]

1. e4 e5 2. Nf3 Nc6 3. Bb5 a6 4. Ba4 Nf6 5. O-O Be7 6. Re1 b5 7. Bb3 O-O 8. d3 d6 9. a4 Na5 10. Ba2 c5 11. Nbd2 Be6 12. Bxe6 fxe6 13. c3 Qd7 14. Qe2 Nc6 15. Nb3 h6 16. h3 Qe8 17. Be3 bxa4 18. Nc1 Rb8 19. Qc2 a5 20. Rxa4 Qd7 21. Ra2 Rfc8 22. Nb3 Bd8 23. Rea1 Rb5 24. Nbd2 1/2-1/2

[Event "Hastings Challengers 1989/90"]
[Site "Hastings"]
[Date "1990.01.05"]
[Round "9"]
[White "Conquest, Stuart C"]
[Black "Plaskett, H James"]
[Result "0-1"]
[WhiteElo "2515"]
[BlackElo "2460"]
[PlyCount "58"]
[EventDate "1989.12.28"]
[EventType "swiss"]
[EventRounds "10"]
[EventCountry "ENG"]
[SourceTitle "BritBase"]
[Source "John Saunders"]
[SourceDate "2024.12.03"]
[SourceVersion "1"]
[SourceVersionDate "2024.12.03"]
[SourceQuality "1"]

1. d4 d6 2. Nf3 g6 3. c4 Bg7 4. Nc3 Bg4 5. e3 Nc6 6. Be2 Nf6 7. b3 O-O 8. Bb2 e5 9. d5 Ne7 10. Nd2 Bd7 11. O-O Ne8 12. b4 f5 13. c5 g5 14. Nc4 Ng6 15. Na5 Bc8 16. Rc1 g4 17. cxd6 cxd6 18. Nb5 a6 19. Nc3 Rf6 20. a4 Nh4 21. e4 f4 22. Bxg4 Rg6 23. Be6+ Bxe6 24. dxe6 Rxg2+ 25. Kh1 Qg5 26. Rg1 f3 27. Qd5 Rxh2+ 28. Kxh2 Ng2 29. e7+ Kh8 0-1

[Event "Hastings Challengers 1989/90"]
[Site "Hastings"]
[Date "1990.01.05"]
[Round "9"]
[White "Gallagher, Joseph G"]
[Black "Hebden, Mark L"]
[Result "1/2-1/2"]
[WhiteElo "2445"]
[BlackElo "2520"]
[PlyCount "72"]
[EventDate "1989.12.28"]
[EventType "swiss"]
[EventRounds "10"]
[EventCountry "ENG"]
[SourceTitle "BritBase"]
[Source "John Saunders"]
[SourceDate "2024.12.03"]
[SourceVersion "1"]
[SourceVersionDate "2024.12.03"]
[SourceQuality "1"]

1. e4 e5 2. f4 exf4 3. Nf3 Be7 4. Bc4 Nf6 5. e5 Ng4 6. d4 Bh4+ 7. Kf1 Ne3+ 8. Bxe3 fxe3 9. Qd3 O-O 10. Nc3 d6 11. Qxe3 Nc6 12. Qf4 Be7 13. Rd1 Na5 14. Bd3 d5 15. h4 f6 16. e6 Bxe6 17. Re1 Bd6 18. Qd2 Bf7 19. Nxd5 c5 20. c4 Nc6 21. h5 Nxd4 22. Nxd4 cxd4 23. Qf2 f5 24. h6 Bxd5 25. hxg7 Rf7 26. cxd5 Qg5 27. Rh3 Qxg7 28. Kg1 Raf8 29. Re6 Rf6 30. Qxd4 Qg4 31. Qxg4+ fxg4 32. Rxf6 Rxf6 33. Rh5 Rf4 34. g3 Rf3 35. Bxh7+ Kg7 36. Be4 Bc5+ 1/2-1/2

[Event "Hastings Challengers 1989/90"]
[Site "Hastings"]
[Date "1990.01.05"]
[Round "9"]
[White "McNab, Colin Anderson"]
[Black "Sher, Miron Naumovich"]
[Result "1-0"]
[WhiteElo "2435"]
[BlackElo "2470"]
[PlyCount "95"]
[EventDate "1989.12.28"]
[EventType "swiss"]
[EventRounds "10"]
[EventCountry "ENG"]
[SourceTitle "BritBase"]
[Source "John Saunders"]
[SourceDate "2024.12.03"]
[SourceVersion "1"]
[SourceVersionDate "2024.12.03"]
[SourceQuality "1"]

1. c4 e6 2. Nf3 d5 3. b3 Nf6 4. g3 a5 5. Bg2 a4 6. O-O axb3 7. Qxb3 Be7 8. Bb2 O-O 9. d4 Nc6 10. Nbd2 Ne4 11. Rfd1 Nxd2 12. Nxd2 Ra6 13. cxd5 Rb6 14. dxc6 Rxb3 15. axb3 bxc6 16. Bxc6 Qd6 17. Rdc1 e5 18. Ne4 Qg6 19. dxe5 Be6 20. Ra7 Rb8 21. Rxc7 Bf8 22. Bd4 Rxb3 23. Rb7 Rxb7 24. Bxb7 h6 25. Ra1 Bc8 26. Bxc8 Qxe4 27. e3 Bc5 28. Bxc5 Qc6 29. Bf5 g6 30. Bxg6 Qxc5 31. Be4 Qxe5 32. Ra8+ Kg7 33. Bf3 Qc7 34. Kg2 Qc5 35. Rb8 Kf6 36. Rb7 Qd6 37. Rb5 Kg7 38. Rf5 Qe6 39. Rf4 Qe5 40. h3 Qc5 41. Be2 Qc6+ 42. Kh2 f6 43. Bf3 Qc5 44. h4 Kf7 45. Kg2 Qb5 46. Rg4 Qc5 47. h5 Qf8 48. Bd5+ 1-0

[Event "Hastings Challengers 1989/90"]
[Site "Hastings"]
[Date "1990.01.05"]
[Round "9"]
[White "Smagin, Sergey"]
[Black "Bykhovsky, Avigdor"]
[Result "1-0"]
[WhiteElo "2535"]
[BlackElo "2485"]
[PlyCount "65"]
[EventDate "1989.12.28"]
[EventType "swiss"]
[EventRounds "10"]
[EventCountry "ENG"]
[SourceTitle "BritBase"]
[Source "John Saunders"]
[SourceDate "2024.12.03"]
[SourceVersion "1"]
[SourceVersionDate "2024.12.03"]
[SourceQuality "1"]

1. e4 e6 2. d4 d5 3. Nd2 Nf6 4. e5 Nfd7 5. c3 c5 6. Bd3 b6 7. Ne2 Ba6 8. Bxa6 Nxa6 9. O-O b5 10. Nf3 Qb6 11. h4 Nc7 12. h5 h6 13. Ne1 c4 14. f4 Be7 15. a4 bxa4 16. Rxa4 a5 17. Ra1 Qb3 18. Qd2 a4 19. Nc2 g6 20. Rf3 gxh5 21. Nb4 Nb5 22. f5 Nb6 23. Nf4 Bg5 24. Qe2 Bxf4 25. Rxf4 O-O-O 26. Qxh5 Rd7 27. Na6 a3 28. Nc5 axb2 29. Nxb3 bxa1=Q 30. Nxa1 Nxc3 31. Nc2 Re8 32. Kh2 Ne4 33. Rg4 1-0

[Event "Hastings Challengers 1989/90"]
[Site "Hastings"]
[Date "1990.01.05"]
[Round "9"]
[White "Sorensen, Jan"]
[Black "Kosten, Anthony C"]
[Result "0-1"]
[WhiteElo "2335"]
[BlackElo "2500"]
[PlyCount "92"]
[EventDate "1989.12.28"]
[EventType "swiss"]
[EventRounds "10"]
[EventCountry "ENG"]
[SourceTitle "BritBase"]
[Source "John Saunders"]
[SourceDate "2024.12.03"]
[SourceVersion "1"]
[SourceVersionDate "2024.12.03"]
[SourceQuality "1"]

1. e4 e6 2. d4 d5 3. Nd2 c5 4. exd5 exd5 5. Ngf3 Nf6 6. Bb5+ Bd7 7. Bxd7+ Nbxd7 8. O-O Be7 9. dxc5 Nxc5 10. Nd4 Qd7 11. Qf3 O-O 12. Qf5 Ne6 13. N2b3 Rfe8 14. Be3 Bd6 15. Rfe1 Rad8 16. Qf3 Bb8 17. c3 Ne4 18. Rad1 a5 19. Nc1 Nf8 20. Bf4 Ba7 21. Nd3 Ng6 22. Be3 Bb8 23. Nf5 Ne5 24. Nxe5 Rxe5 25. Ng3 Rde8 26. Nxe4 Rxe4 27. Rd4 Rxd4 28. cxd4 h6 29. Bd2 Rxe1+ 30. Bxe1 a4 31. g3 Qe6 32. Bd2 Ba7 33. Bc3 Qe4 34. Qxe4 dxe4 35. f3 exf3 36. Kf2 f5 37. Kxf3 Bb8 38. Ke3 Kf7 39. d5 h5 40. Kd4 g5 41. Kc5 f4 42. gxf4 Bxf4 43. h3 g4 44. hxg4 h4 45. Bd4 h3 46. Bg1 Be3+ 0-1

[Event "Hastings Challengers 1989/90"]
[Site "Hastings"]
[Date "1990.01.05"]
[Round "9"]
[White "Ward, Christopher G"]
[Black "Farago, Ivan"]
[Result "1-0"]
[WhiteElo "2380"]
[BlackElo "2495"]
[PlyCount "81"]
[EventDate "1989.12.28"]
[EventType "swiss"]
[EventRounds "10"]
[EventCountry "ENG"]
[SourceTitle "BritBase"]
[Source "John Saunders"]
[SourceDate "2024.12.03"]
[SourceVersion "1"]
[SourceVersionDate "2024.12.03"]
[SourceQuality "1"]

1. c4 Nf6 2. Nc3 e5 3. g3 Bb4 4. Bg2 O-O 5. Nf3 Nc6 6. O-O Bxc3 7. bxc3 Re8 8. d3 e4 9. Nd4 exd3 10. exd3 Nxd4 11. cxd4 d6 12. h3 h6 13. Bf4 Rb8 14. g4 Nh7 15. Qa4 a6 16. Rfe1 Bd7 17. Qa5 Nf8 18. Rxe8 Bxe8 19. Re1 Ne6 20. Be3 Bd7 21. Rb1 Qc8 22. Qh5 b5 23. c5 Qe8 24. c6 Bc8 25. a4 Ng5 26. axb5 axb5 27. Bxg5 hxg5 28. Be4 g6 29. Qxg5 b4 30. Qa5 Rb6 31. Rxb4 Rxb4 32. Qxb4 Qd8 33. Bd5 Be6 34. Bxe6 fxe6 35. d5 e5 36. Qe4 Qf6 37. Kg2 Kg7 38. Kg3 Qg5 39. d4 Qf6 40. dxe5 dxe5 41. h4 1-0

[Event "Hastings Challengers 1989/90"]
[Site "Hastings"]
[Date "1990.01.06"]
[Round "10"]
[White "Bykhovsky, Avigdor"]
[Black "Fatin, Tarek"]
[Result "0-1"]
[WhiteElo "2485"]
[BlackElo "2325"]
[PlyCount "126"]
[EventDate "1989.12.28"]
[EventType "swiss"]
[EventRounds "10"]
[EventCountry "ENG"]
[SourceTitle "BritBase"]
[Source "John Saunders"]
[SourceDate "2024.12.03"]
[SourceVersion "1"]
[SourceVersionDate "2024.12.03"]
[SourceQuality "1"]

1. d4 Nf6 2. c4 e6 3. Nc3 Bb4 4. f3 d5 5. a3 Bxc3+ 6. bxc3 c5 7. cxd5 exd5 8. e3 O-O 9. Bd3 b6 10. Ne2 Re8 11. O-O Ba6 12. Bxa6 Nxa6 13. Qd3 Nb8 14. Ng3 Nc6 15. Bb2 c4 16. Qe2 h5 17. Rae1 g6 18. Bc1 Re6 19. Qf2 Qe7 20. Ne2 Re8 21. Nf4 Rd6 22. a4 Rd7 23. Qa2 Qd6 24. Ba3 Qc7 25. Nh3 Na5 26. Nf2 Qc6 27. Qc2 Nb3 28. e4 Qxa4 29. Bc1 Nc5 30. Qb1 Ne6 31. g4 Qb3 32. Qxb3 cxb3 33. e5 Nh7 34. gxh5 gxh5 35. Nd3 a5 36. f4 f5 37. exf6 Nxf6 38. f5 Rg7+ 39. Kh1 Nc7 40. Ne5 Kh7 41. Bf4 a4 42. Ra1 b5 43. Bc1 Reg8 44. Ng6 Ne4 45. Rf3 Nd6 46. Ba3 Nc4 47. Nf8+ Rxf8 48. Bxf8 b2 49. Rb1 Rf7 50. Ba3 Nxa3 51. Rxb2 Nc4 52. Rg2 Ne8 53. Re2 Nf6 54. Re6 Nd2 55. Rg3 Nde4 56. Rg6 Ra7 57. Rg1 a3 58. Ra1 a2 59. Rb6 Ra5 60. h3 h4 61. Kh2 Kh6 62. Rb7 Nd2 63. Rb8 Kg5 0-1

[Event "Hastings Challengers 1989/90"]
[Site "Hastings"]
[Date "1990.01.06"]
[Round "10"]
[White "Coleman, David J"]
[Black "Wojtkiewicz, Aleksander"]
[Result "0-1"]
[WhiteElo "2295"]
[BlackElo "2475"]
[PlyCount "70"]
[EventDate "1989.12.28"]
[EventType "swiss"]
[EventRounds "10"]
[EventCountry "ENG"]
[SourceTitle "BritBase"]
[Source "John Saunders"]
[SourceDate "2024.12.03"]
[SourceVersion "1"]
[SourceVersionDate "2024.12.03"]
[SourceQuality "1"]

1. e4 c5 2. Nf3 d6 3. d4 cxd4 4. Nxd4 Nf6 5. Nc3 a6 6. Bc4 e6 7. Bb3 Nbd7 8. O-O Nc5 9. Qf3 Be7 10. Re1 O-O 11. Qg3 Bd7 12. Bg5 Nh5 13. Bxe7 Qxe7 14. Qe3 Nf6 15. Rad1 Rfd8 16. f4 Be8 17. e5 dxe5 18. fxe5 Nfd7 19. Bc4 Nb6 20. Be2 Rac8 21. b3 Ncd7 22. Bf3 Qc5 23. Rd3 Qc7 24. a4 Nf8 25. Be4 Nbd7 26. Nf3 Nc5 27. Rxd8 Rxd8 28. Qg5 h6 29. Qh4 Nxe4 30. Nxe4 Ng6 31. Qf2 Nxe5 32. Nxe5 Qxe5 33. Nc5 Qc7 34. c4 a5 35. h3 Bc6 0-1

[Event "Hastings Challengers 1989/90"]
[Site "Hastings"]
[Date "1990.01.06"]
[Round "10"]
[White "Farago, Ivan"]
[Black "McDonald, Neil R"]
[Result "1-0"]
[WhiteElo "2495"]
[BlackElo "2360"]
[PlyCount "79"]
[EventDate "1989.12.28"]
[EventType "swiss"]
[EventRounds "10"]
[EventCountry "ENG"]
[SourceTitle "BritBase"]
[Source "John Saunders"]
[SourceDate "2024.12.03"]
[SourceVersion "1"]
[SourceVersionDate "2024.12.03"]
[SourceQuality "1"]

1. d4 Nf6 2. c4 d6 3. Nc3 Nbd7 4. Nf3 e5 5. e4 g6 6. Be2 Bg7 7. O-O O-O 8. Be3 c6 9. d5 c5 10. Bg5 h6 11. Bh4 g5 12. Bg3 Nh5 13. Nd2 Nf4 14. Bg4 Nf6 15. Bxc8 Qxc8 16. Re1 N6h5 17. Nf1 f5 18. Bxf4 Nxf4 19. Ne3 fxe4 20. Nxe4 Qd7 21. g3 Rad8 22. Qg4 Qxg4 23. Nxg4 Nd3 24. Re2 h5 25. Ne3 g4 26. a3 Rd7 27. Rd1 Nf4 28. gxf4 exf4 29. Nf1 f3 30. Rc2 Be5 31. Ng5 Rf6 32. Re1 b6 33. b4 Rg6 34. Ne6 cxb4 35. axb4 h4 36. Re3 Rh7 37. c5 g3 38. hxg3 hxg3 39. Rxf3 Rh2 40. Nxg3 1-0

[Event "Hastings Challengers 1989/90"]
[Site "Hastings"]
[Date "1990.01.06"]
[Round "10"]
[White "Flear, Glenn C"]
[Black "Emms, John M"]
[Result "1-0"]
[WhiteElo "2435"]
[BlackElo "2300"]
[PlyCount "141"]
[EventDate "1989.12.28"]
[EventType "swiss"]
[EventRounds "10"]
[EventCountry "ENG"]
[SourceTitle "BritBase"]
[Source "John Saunders"]
[SourceDate "2024.12.03"]
[SourceVersion "1"]
[SourceVersionDate "2024.12.03"]
[SourceQuality "1"]

1. d4 Nf6 2. c4 e6 3. Nc3 Bb4 4. Qc2 c5 5. dxc5 O-O 6. a3 Bxc5 7. Nf3 Qb6 8. e3 Qc7 9. Bd3 a6 10. b4 Be7 11. Bb2 d6 12. g4 h6 13. g5 hxg5 14. Nxg5 Nbd7 15. f4 d5 16. cxd5 exd5 17. Rg1 d4 18. Qg2 Qc6 19. Nf3 Nh5 20. Nxd4 Qxg2 21. Rxg2 Bh4+ 22. Kd2 Nb6 23. Be2 Bh3 24. Rag1 Bxg2 25. Rxg2 g6 26. Bxh5 Nc4+ 27. Kc1 Nxe3 28. Re2 Nc4 29. Bf3 Rad8 30. Nc2 Bf6 31. Na4 Nxb2 32. Nxb2 b5 33. Re3 Rfe8 34. Rxe8+ Rxe8 35. Nd3 Bc3 36. Nc5 a5 37. Ne4 axb4 38. axb4 Bg7 39. Kd2 Rd8+ 40. Ke3 Re8 41. Kf2 Rc8 42. Ne1 f5 43. Nd6 Rc1 44. Nxb5 Bf8 45. Nd3 Rb1 46. Nc3 Ra1 47. Ke3 Ra3 48. Nb1 Ra7 49. b5 Rh7 50. b6 Rxh2 51. Nd2 Bd6 52. Nc4 Bb8 53. Nc5 Rh4 54. Bd5+ Kg7 55. Ne6+ Kf6 56. Nc7 g5 57. fxg5+ Kxg5 58. Kd3 Kf6 59. Kc3 Ke7 60. Na6 Bh2 61. b7 Rg4 62. Kb4 Kd7 63. Kb5 Rg6 64. Nb6+ Kd8 65. Bc6 Rh6 66. Nd5 Rg6 67. Kb6 Bg1+ 68. Nc5 Bh2 69. b8=Q+ Bxb8 70. Nb7+ Kc8 71. Ne7# 1-0

[Event "Hastings Challengers 1989/90"]
[Site "Hastings"]
[Date "1990.01.06"]
[Round "10"]
[White "McNab, Colin Anderson"]
[Black "Kosten, Anthony C"]
[Result "0-1"]
[WhiteElo "2435"]
[BlackElo "2500"]
[PlyCount "132"]
[EventDate "1989.12.28"]
[EventType "swiss"]
[EventRounds "10"]
[EventCountry "ENG"]
[SourceTitle "BritBase"]
[Source "John Saunders"]
[SourceDate "2024.12.03"]
[SourceVersion "1"]
[SourceVersionDate "2024.12.03"]
[SourceQuality "1"]

1. Nf3 Nf6 2. c4 b6 3. g3 Bb7 4. Bg2 c5 5. d3 g6 6. e4 Bg7 7. Nc3 O-O 8. O-O Nc6 9. h3 d6 10. Bg5 Ne8 11. Qd2 Nc7 12. Rae1 Ne6 13. Bh6 Bxh6 14. Qxh6 Ne5 15. Qd2 Nxf3+ 16. Bxf3 Nd4 17. Bg2 e5 18. Ne2 Nxe2+ 19. Rxe2 Qd7 20. f4 exf4 21. Rxf4 Rae8 22. Ref2 Qe7 23. Rf6 Qe5 24. Qf4 Qxf4 25. R2xf4 Rd8 26. h4 Bc8 27. g4 h6 28. g5 hxg5 29. hxg5 Be6 30. Rh4 Rfe8 31. Kf2 Kg7 32. Bh3 Bxh3 33. Rxh3 Re5 34. Rf4 Rxg5 35. Rfh4 Kf6 36. a3 Ke6 37. Rh8 Rxh8 38. Rxh8 Rh5 39. Re8+ Kd7 40. Ra8 Rh2+ 41. Ke3 Rxb2 42. Rxa7+ Ke6 43. Ra8 Ra2 44. Re8+ Kf6 45. Rd8 Ke7 46. Rb8 Rxa3 47. Rxb6 Ra8 48. Kf4 f6 49. Rb1 Rh8 50. Rg1 g5+ 51. Kg3 Ke6 52. Rf1 Ra8 53. Rf5 Ra3 54. Rd5 Ra1 55. Kf2 Rh1 56. Rf5 Rh3 57. Ke2 g4 58. Rf4 g3 59. Rg4 Ke5 60. Rg6 Rh2+ 61. Kf3 g2 62. Kf2 g1=Q+ 63. Kxg1 Rd2 64. Rg3 Kd4 65. Rf3 Rxd3 66. Rxf6 Kxe4 0-1

[Event "Hastings Challengers 1989/90"]
[Site "Hastings"]
[Date "1990.01.06"]
[Round "10"]
[White "Plaskett, H James"]
[Black "Ward, Christopher G"]
[Result "0-1"]
[WhiteElo "2460"]
[BlackElo "2380"]
[PlyCount "74"]
[EventDate "1989.12.28"]
[EventType "swiss"]
[EventRounds "10"]
[EventCountry "ENG"]
[SourceTitle "BritBase"]
[Source "John Saunders"]
[SourceDate "2024.12.03"]
[SourceVersion "1"]
[SourceVersionDate "2024.12.03"]
[SourceQuality "1"]

1. d4 Nf6 2. Bg5 e6 3. e4 h6 4. Bxf6 Qxf6 5. Nf3 d6 6. Nc3 Nd7 7. Qd2 c6 8. O-O-O e5 9. dxe5 Nxe5 10. Nxe5 Qxe5 11. f4 Qa5 12. Bc4 Be7 13. Kb1 b5 14. Bb3 Qb6 15. Rhf1 O-O 16. e5 d5 17. Qd3 b4 18. Ne2 a5 19. Ba4 Ba6 20. Qf3 f6 21. Nd4 Bxf1 22. Nxc6 Bc5 23. Rxf1 Kh8 24. Qxd5 Rad8 25. Nxd8 Rxd8 26. Qe4 fxe5 27. fxe5 Rf8 28. Rd1 Rd8 29. Bd7 Be7 30. h4 Rxd7 31. Rf1 Rd8 32. b3 Rf8 33. Rd1 Qe6 34. g4 Bf6 35. Re1 Re8 36. Qg6 Bxe5 37. Qh5 Kg8 0-1